[Event "Toronto Candidates Blitz op"]
[Site "Toronto"]
[Date "2024.04.08"]
[Round "3"]
[White "Jaferian, Koosha"]
[Black "Golubka, Petr"]
[Result "0-1"]
[WhiteElo "2234"]
[BlackElo "2398"]
[PlyCount "70"]
[EventDate "2024.04.08"]
[EventType "swiss (blitz)"]
[EventRounds "9"]
[EventCountry "CAN"]
[SourceTitle "CB16_2024"]
[SourceDate "2024.04.17"]
[SourceVersion "1"]
[SourceVersionDate "2024.04.17"]
[SourceQuality "1"]

1. e4 e6 2. d4 d5 3. Bd3 Nc6 4. c3 e5 5. Nf3 exd4 6. 0-0 Nf6 7. e5 Ne4 8. cxd4 Be7 9. Nc3 Bf5 10. Qe2 Nxc3 11. bxc3 Bxd3 12. Qxd3 Qd7 13. Rb1 b6 14. Re1 Nd8 15. Bg5 Ne6 16. Bxe7 Qxe7 17. c4 Rd8 18. Rbc1 c5 19. cxd5 Rxd5 20. Qb5+ Qd7 21. Qxd7+ Kxd7 22. dxc5 bxc5 23. Rc4 Rb8 24. Rec1 Rb4 25. Kf1 a5 26. Ke2 Kc6 27. a3 Nf4+ 28. Ke3 Nxg2+ 29. Ke4 Rxc4+ 30. Rxc4 Rd1 31. Ng5 Kb5 32. Rc2 Re1+ 33. Kd5 Rd1+ 34. Ke4 Rd4+ 35. Kf3 Ne1+ 0-1

[Event "Canadian zt"]
[Site "Toronto"]
[Date "2024.04.01"]
[Round "9"]
[White "Jaferian, Koosha"]
[Black "Kang, Dorian"]
[Result "1/2-1/2"]
[WhiteElo "2234"]
[BlackElo "2102"]
[PlyCount "97"]
[EventDate "2024.03.27"]
[EventType "team-swiss"]
[EventRounds "10"]
[EventCountry "CAN"]
[SourceTitle "CB15_2024"]
[SourceDate "2024.04.10"]
[SourceVersion "1"]
[SourceVersionDate "2024.04.10"]
[SourceQuality "1"]

1. e4 c5 2. c3 d5 3. exd5 Qxd5 4. d4 Nc6 5. Nf3 Bg4 6. dxc5 Qxd1+ 7. Kxd1 e5 8. b4 f5 9. Be2 Nf6 10. Bd2 0-0-0 11. Kc1 e4 12. Ng1 Ne5 13. f3 Bh5 14. Na3 Nd3+ 15. Bxd3 Rxd3 16. Kc2 Be7 17. Nb5 Rhd8 18. Nd4 Nd5 19. Nge2 Bf6 20. a3 Be8 21. b5 Nc7 22. a4 Ne6 23. Rhd1 Nxc5 24. Be1 Bf7 25. Rdb1 exf3 26. gxf3 Re3 27. Bf2 Ree8 28. Re1 Bc4 29. Ng3 Rxe1 30. Bxe1 g6 31. Bf2 f4 32. Nf1 Re8 33. Nd2 Bd3+ 34. Kb2 b6 35. a5 Bxd4 36. cxd4 Nd7 37. axb6 axb6 38. Kc3 Be2 39. Ra8+ Nb8 40. Ra7 Bxb5 41. Rxh7 Nd7 42. Ne4 Kc7 43. Rf7 Rf8 44. Rxf4 Rxf4 45. Bg3 Kc6 46. Bxf4 Be2 47. Nd2 Kd5 48. Be3 Nf6 49. Bf2 1/2-1/2

[Event "Canadian zt"]
[Site "Toronto"]
[Date "2024.03.29"]
[Round "4"]
[White "Jaferian, Koosha"]
[Black "Noritsyn, Nikolay"]
[Result "0-1"]
[WhiteElo "2234"]
[BlackElo "2451"]
[PlyCount "77"]
[EventDate "2024.03.27"]
[EventType "team-swiss"]
[EventRounds "10"]
[EventCountry "CAN"]
[SourceTitle "CB15_2024"]
[SourceDate "2024.04.10"]
[SourceVersion "1"]
[SourceVersionDate "2024.04.10"]
[SourceQuality "1"]

1. e4 c5 2. c3 Nf6 3. e5 Nd5 4. Nf3 d6 5. Bb5+ Bd7 6. Bc4 e6 7. d4 Bc6 8. 0-0 Nd7 9. Bb3 cxd4 10. exd6 d3 11. Qxd3 Bxd6 12. Bc2 Ne5 13. Nxe5 Bxe5 14. Qh3 Qc7 15. Na3 0-0-0 16. Bd2 g5 17. Qh6 Bf4 18. Be1 g4 19. Qh5 Nf6 20. Qh4 Qe5 21. c4 Qxb2 22. Rb1 Qxa3 23. Qxf6 Qd6 24. Qh4 Qc5 25. Bc3 Rhg8 26. Qf6 g3 27. Qxf4 gxf2+ 28. Rxf2 Rxg2+ 29. Kf1 Rxf2+ 30. Qxf2 Qxc4+ 31. Qe2 Qxc3 32. Rb3 Qa1+ 33. Kf2 Qf6+ 34. Ke1 Rd5 35. Re3 Bb5 36. Qf3 Qa1+ 37. Bd1 Qd4 38. Rc3+ Kd8 39. Rc2 0-1

[Event "Sitges Sunway op 10th"]
[Site "Sitges"]
[Date "2023.12.22"]
[Round "10"]
[White "Jaferian, Koosha"]
[Black "Gholami Orimi, Mahdi"]
[Result "1/2-1/2"]
[WhiteElo "2201"]
[BlackElo "2442"]
[PlyCount "70"]
[EventDate "2023.12.12"]
[EventType "swiss"]
[EventRounds "10"]
[EventCountry "ESP"]
[SourceTitle "CB52_2023"]
[SourceDate "2023.12.27"]
[SourceVersion "1"]
[SourceVersionDate "2023.12.27"]
[SourceQuality "1"]

1. e4 c5 2. c3 Nf6 3. e5 Nd5 4. Nf3 d6 5. Bb5+ Bd7 6. Bc4 e6 7. d4 cxd4 8. Bxd5 exd5 9. 0-0 Nc6 10. Bf4 Be6 11. exd6 dxc3 12. Nxc3 Bxd6 13. Nxd5 Bb8 14. Bxb8 Qxd5 15. Qxd5 Bxd5 16. Rfe1+ Be6 17. Bd6 0-0-0 18. Bf4 Bd5 19. Ne5 Rhe8 20. Nxc6 Bxc6 21. Rxe8 Rxe8 22. Be3 b6 23. Rd1 Re6 24. Kf1 h5 25. Rd4 Re5 26. h4 g6 27. g3 Bd5 28. a3 Be6 29. Ke2 Rc5 30. Rd2 Rc6 31. Kd3 Bf5+ 32. Ke2 Kb7 33. Rd4 Rc2+ 34. Rd2 Rc4 35. Rd4 Rxd4 1/2-1/2

[Event "Sitges Sunway op 10th"]
[Site "Sitges"]
[Date "2023.12.19"]
[Round "7"]
[White "Morris, James"]
[Black "Jaferian, Koosha"]
[Result "0-1"]
[WhiteElo "2437"]
[BlackElo "2201"]
[PlyCount "98"]
[EventDate "2023.12.12"]
[EventType "swiss"]
[EventRounds "10"]
[EventCountry "ESP"]
[SourceTitle "CB52_2023"]
[SourceDate "2023.12.27"]
[SourceVersion "1"]
[SourceVersionDate "2023.12.27"]
[SourceQuality "1"]

1. e4 e5 2. Nc3 Nf6 3. g3 Bc5 4. Bg2 c6 5. Nf3 d5 6. exd5 e4 7. Ng1 cxd5 8. d4 Bb4 9. Nge2 h6 10. 0-0 0-0 11. a3 Ba5 12. h3 Nc6 13. Be3 Ne7 14. Na4 Bd7 15. Nc5 Bc6 16. a4 Bc7 17. Bf4 Rc8 18. Bxc7 Rxc7 19. Qd2 Qc8 20. Qb4 b6 21. Nb3 Ng6 22. a5 Bd7 23. axb6 axb6 24. Kh2 Rxc2 25. Rfc1 e3 26. fxe3 Bxh3 27. Rxc2 Qxc2 28. Qd2 Qxb3 29. Ra3 Qb5 30. Bxh3 Ne4 31. Nc3 Nxd2 32. Nxb5 Nc4 33. Rb3 Re8 34. Bg2 Rxe3 35. Nc3 Ne7 36. Rb5 Rd3 37. Nxd5 Nxd5 38. Bxd5 Rxd4 39. Bxc4 Rxc4 40. Rxb6 h5 41. Kh3 Kh7 42. Rb7 f6 43. b4 Kh6 44. b5 g5 45. Rb8 Rc2 46. g4 Rc3+ 47. Kg2 hxg4 48. b6 Rb3 49. b7 Kg7 0-1

[Event "Toronto Annex op"]
[Site "Toronto"]
[Date "2023.09.04"]
[Round "5"]
[White "Jaferian, Koosha"]
[Black "Zomorrodian, Eilia"]
[Result "1/2-1/2"]
[WhiteElo "2231"]
[BlackElo "2109"]
[PlyCount "52"]
[EventDate "2023.09.02"]
[EventType "swiss"]
[EventRounds "6"]
[EventCountry "CAN"]
[SourceTitle "EXT 2024"]
[Source "ChessBase"]
[SourceDate "2023.10.10"]
[SourceVersion "1"]
[SourceVersionDate "2023.10.10"]
[SourceQuality "1"]

1. e4 d5 2. exd5 Nf6 3. Bb5+ Bd7 4. Bc4 Bg4 5. f3 Bf5 6. Nc3 Nbd7 7. g4 Nb6 8. d3 Bc8 9. Bd2 Nfxd5 10. Nxd5 Nxd5 11. Qe2 e6 12. 0-0-0 Be7 13. f4 Qd6 14. Qf2 b6 15. Ne2 Bb7 16. Rhf1 0-0-0 17. Ng3 Qd7 18. f5 Bh4 19. fxe6 Qxe6 20. Qf5 Bxg3 21. hxg3 Qxf5 22. gxf5 Rde8 23. Rde1 Kd7 24. Kd1 Rxe1+ 25. Rxe1 Re8 26. Rxe8 Kxe8 1/2-1/2

[Event "Titled Tuesday intern op 08th Aug Early"]
[Site "Chess.com INT"]
[Date "2023.08.08"]
[Round "5"]
[White "Jaferian, Koosha"]
[Black "Kraiouchkine, Nikita"]
[Result "1/2-1/2"]
[WhiteElo "2231"]
[BlackElo "2218"]
[PlyCount "66"]
[EventDate "2023.08.08"]
[EventType "swiss (blitz)"]
[EventRounds "11"]
[EventCountry "USA"]
[SourceTitle "EXT 2024"]
[Source "ChessBase"]
[SourceDate "2023.10.10"]
[SourceVersion "1"]
[SourceVersionDate "2023.10.10"]
[SourceQuality "1"]

1. Nf3 Nf6 2. b3 d5 3. Bb2 c6 4. g3 Bg4 5. Bg2 Nbd7 6. 0-0 e6 7. d4 Bxf3 8. Bxf3 Bd6 9. Nd2 e5 10. dxe5 Bxe5 11. Qc1 Bxb2 12. Qxb2 0-0 13. e4 dxe4 14. Nxe4 Nxe4 15. Bxe4 Qf6 16. Qxf6 Nxf6 17. Bf3 Rad8 18. Rad1 Rfe8 19. Kg2 Kf8 20. c4 Rxd1 21. Rxd1 Ke7 22. g4 Nd7 23. Be4 h6 24. f4 Nc5 25. Bc2 Rd8 26. Rxd8 Kxd8 27. Kf3 Ke7 28. h4 a5 29. g5 hxg5 30. fxg5 g6 31. Ke3 Kd6 32. Bd1 Ne6 33. Bg4 Ke5 1/2-1/2

[Event "Titled Tuesday intern op 08th Aug Early"]
[Site "Chess.com INT"]
[Date "2023.08.08"]
[Round "2"]
[White "Matyunin, Maxim"]
[Black "Jaferian, Koosha"]
[Result "1-0"]
[WhiteElo "2099"]
[BlackElo "2231"]
[PlyCount "121"]
[EventDate "2023.08.08"]
[EventType "swiss (blitz)"]
[EventRounds "11"]
[EventCountry "USA"]
[SourceTitle "EXT 2024"]
[Source "ChessBase"]
[SourceDate "2023.10.10"]
[SourceVersion "1"]
[SourceVersionDate "2023.10.10"]
[SourceQuality "1"]

1. d4 Nf6 2. Nf3 d5 3. c4 e6 4. Nc3 c5 5. Bg5 cxd4 6. Nxd4 dxc4 7. e4 Be7 8. Bxc4 0-0 9. 0-0 a6 10. e5 Nfd7 11. Bxe7 Qxe7 12. f4 Rd8 13. Kh1 Qc5 14. Nxe6 fxe6 15. Bxe6+ Kh8 16. Ne4 Qe7 17. Ng5 Nxe5 18. Qc2 Qxg5 19. fxg5 Bxe6 20. Qe4 Nbc6 21. g6 hxg6 22. Rae1 Bf5 23. Qf4 Rd4 24. Qg5 Rg4 25. Qe3 Rd8 26. h3 Rgd4 27. Qg3 R8d5 28. b3 Rd2 29. Rf4 Kg8 30. Rf2 b5 31. Rxd2 Rxd2 32. Rxe5 Nxe5 33. Qxe5 Rxa2 34. b4 Rc2 35. h4 Rf2 36. Qd4 Re2 37. h5 gxh5 38. Qd5+ Be6 39. Qxh5 Re1+ 40. Kh2 Bf7 41. Qc5 Re6 42. Qc8+ Kh7 43. g4 Re4 44. Qc5 Bg6 45. Kg3 Rc4 46. Qd6 Rc3+ 47. Kh4 Rc4 48. Kg5 Bf7 49. Qd3+ Kg8 50. Qd8+ Kh7 51. Qe7 Bg6 52. Qe6 Bd3 53. Qd5 Bc2 54. Qd6 Be4 55. Kh4 Bf3 56. Qd3+ Kg8 57. Qxf3 Rxb4 58. Qa8+ Kh7 59. Qxa6 Rb1 60. Qc6 Kh8 61. Qc8+ 1-0

[Event "Titled Tuesday intern op 11th Jul Late"]
[Site "Chess.com INT"]
[Date "2023.07.11"]
[Round "9"]
[White "Deng, Henry"]
[Black "Jaferian, Koosha"]
[Result "0-1"]
[WhiteElo "2212"]
[BlackElo "2231"]
[PlyCount "124"]
[EventDate "2023.07.11"]
[EventType "swiss (blitz)"]
[EventRounds "11"]
[EventCountry "USA"]
[SourceTitle "EXT 2024"]
[Source "ChessBase"]
[SourceDate "2023.10.10"]
[SourceVersion "1"]
[SourceVersionDate "2023.10.10"]
[SourceQuality "1"]

1. e4 c6 2. d4 d5 3. Nd2 dxe4 4. Nxe4 Bf5 5. Ng3 Bg6 6. h4 h6 7. Nf3 e6 8. h5 Bh7 9. Bd3 Bxd3 10. Qxd3 Nf6 11. Ne4 Nbd7 12. c4 Be7 13. Bd2 Qc7 14. 0-0-0 0-0 15. Nxf6+ Nxf6 16. Kb1 b5 17. Rc1 Qb7 18. Ne5 Rab8 19. c5 Nd5 20. g4 Bg5 21. Rcf1 Bxd2 22. Qxd2 f6 23. Ng6 Rfd8 24. f4 b4 25. Ka1 Qa6 26. g5 Rb5 27. gxh6 Ra5 28. a3 Nc3 29. bxc3 Rxa3+ 30. Kb1 Ra1+ 31. Kc2 Ra2+ 32. Kd1 Rxd2+ 33. Kxd2 bxc3+ 34. Ke3 gxh6 35. Rhg1 Kf7 36. Ne5+ fxe5 37. fxe5+ Ke8 38. Rg8+ Kd7 39. Rf7+ Kc8 40. Rxd8+ Kxd8 41. Rf8+ Ke7 42. Rh8 c2 43. Rh7+ Ke8 44. Rh8+ Kf7 45. Kd2 c1B+ 46. Kxc1 Qc4+ 47. Kb1 Qd3+ 48. Ka2 Qxd4 49. Rh7+ Kg8 50. Rxa7 Qxc5 51. Ra8+ Kf7 52. Rh8 Qd5+ 53. Ka3 Qa5+ 54. Kb3 Qxe5 55. Rh7+ Kg8 56. Rxh6 Qe3+ 57. Kc4 Qxh6 58. Kc5 Qc1+ 59. Kd6 c5 60. h6 c4 61. h7+ Kxh7 62. Kxe6 c3 0-1

[Event "Titled Tuesday intern op 11th Jul Late"]
[Site "Chess.com INT"]
[Date "2023.07.11"]
[Round "8"]
[White "Jaferian, Koosha"]
[Black "Vovk, Orest"]
[Result "1/2-1/2"]
[WhiteElo "2231"]
[BlackElo "2315"]
[PlyCount "171"]
[EventDate "2023.07.11"]
[EventType "swiss (blitz)"]
[EventRounds "11"]
[EventCountry "USA"]
[SourceTitle "EXT 2024"]
[Source "ChessBase"]
[SourceDate "2023.10.10"]
[SourceVersion "1"]
[SourceVersionDate "2023.10.10"]
[SourceQuality "1"]

1. e4 g5 2. d4 g4 3. h3 d5 4. e5 c5 5. hxg4 cxd4 6. Qxd4 Nc6 7. Qf4 Bg7 8. Nf3 Qc7 9. Bb5 Bd7 10. Nc3 Bxe5 11. Nxe5 Qxe5+ 12. Qxe5 Nxe5 13. Bxd7+ Kxd7 14. Nxd5 Nxg4 15. Be3 Nxe3 16. Nxe3 Nf6 17. 0-0-0+ Ke8 18. Nf5 Rg8 19. Rhe1 e6 20. Nd6+ Ke7 21. g3 b6 22. Rd2 Rg5 23. c4 Rd8 24. Red1 Kf8 25. Nb5 Rxd2 26. Rxd2 Rc5 27. b3 a6 28. Nd6 Ke7 29. f3 Rc6 30. Ne4 Nxe4 31. fxe4 Rc5 32. Kb2 Rg5 33. Rd3 Re5 34. Rd4 Rg5 35. Rd3 Rg4 36. Re3 Kf6 37. Kc3 Ke5 38. Kd3 a5 39. a3 f6 40. b4 axb4 41. axb4 Rg8 42. c5 b5 43. Kc3 Ra8 44. Kb3 Kd4 45. Re1 e5 46. g4 Ra6 47. Kb2 Kd3 48. Kb3 h6 49. Rh1 Kxe4 50. Rxh6 Kf4 51. Rg6 e4 52. g5 Kf5 53. Rxf6+ Rxf6 54. gxf6 Kxf6 55. Kc3 Ke5 56. Kd2 Kd5 57. Ke3 Ke5 58. Ke2 Kd5 59. Kf2 Ke5 60. Ke2 Kd5 61. Ke3 Ke5 62. c6 Kd6 63. Kxe4 Kxc6 64. Ke5 Kc7 65. Kd5 Kd7 66. Kc5 Kc7 67. Kxb5 Kb7 68. Kc5 Kc7 69. Kd4 Kc6 70. Kc4 Kb6 71. Kc3 Kb5 72. Kb3 Kb6 73. Ka4 Ka6 74. b5+ Kb6 75. Kb4 Kb7 76. Ka5 Ka7 77. Kb4 Kb6 78. Kc4 Kc7 79. Kc5 Kb7 80. b6 Kb8 81. Kc6 Kc8 82. Kb5 Kb7 83. Ka5 Kb8 84. Ka6 Ka8 85. b7+ Kb8 86. Kb6 1/2-1/2

[Event "Titled Tuesday intern op 11th Jul Late"]
[Site "Chess.com INT"]
[Date "2023.07.11"]
[Round "2"]
[White "Kaplan, Avi Harrison"]
[Black "Jaferian, Koosha"]
[Result "0-1"]
[WhiteElo "2117"]
[BlackElo "2231"]
[PlyCount "90"]
[EventDate "2023.07.11"]
[EventType "swiss (blitz)"]
[EventRounds "11"]
[EventCountry "USA"]
[SourceTitle "EXT 2024"]
[Source "ChessBase"]
[SourceDate "2023.10.10"]
[SourceVersion "1"]
[SourceVersionDate "2023.10.10"]
[SourceQuality "1"]

1. e4 c6 2. d4 d5 3. exd5 cxd5 4. Bd3 Nc6 5. c3 Qc7 6. h3 g6 7. Qc2 f6 8. Nf3 e5 9. Nfd2 e4 10. Bb5 f5 11. 0-0 Nf6 12. c4 Be6 13. Nc3 Bg7 14. cxd5 Nxd5 15. Ndxe4 fxe4 16. Qxe4 Qd7 17. Re1 Kf7 18. Bc4 Rhd8 19. Bg5 Bf6 20. Qf3 Nxd4 21. Qg3 Nf5 22. Qg4 Nc7 23. Bxe6+ Nxe6 24. Bxf6 Kxf6 25. Ne4+ Kg7 26. Rad1 Qe7 27. Rxd8 Rxd8 28. h4 Qxh4 29. Qf3 Qf4 30. Qc3+ Ned4 31. Nc5 Kg8 32. Nxb7 Rd7 33. Qc8+ Kg7 34. Qxd7+ Kh6 35. Nd8 Qg4 36. Nf7+ Kh5 37. Qd5 g5 38. Ne5 Qf4 39. Re3 g4 40. Rd3 Ne2+ 41. Kf1 Neg3+ 42. Ke1 Qc1+ 43. Rd1 Qf4 44. fxg3 Qe3+ 45. Kf1 Nxg3# 0-1

[Event "Titled Tuesday intern op 11th Jul Late"]
[Site "Chess.com INT"]
[Date "2023.07.11"]
[Round "4"]
[White "Womacka, Mathias"]
[Black "Jaferian, Koosha"]
[Result "0-1"]
[WhiteElo "2390"]
[BlackElo "2231"]
[PlyCount "62"]
[EventDate "2023.07.11"]
[EventType "swiss (blitz)"]
[EventRounds "11"]
[EventCountry "USA"]
[SourceTitle "EXT 2024"]
[Source "ChessBase"]
[SourceDate "2023.10.10"]
[SourceVersion "1"]
[SourceVersionDate "2023.10.10"]
[SourceQuality "1"]

1. e4 c6 2. d4 d5 3. Nd2 dxe4 4. Nxe4 Bf5 5. Ng3 Bg6 6. h4 h6 7. Nf3 Nd7 8. h5 Bh7 9. Bd3 Bxd3 10. Qxd3 e6 11. Bd2 Ngf6 12. 0-0-0 Be7 13. Kb1 0-0 14. Ne4 c5 15. g4 Nxg4 16. Qe2 Qb6 17. Ne5 Ndxe5 18. dxe5 f5 19. exf6 Nxf6 20. Rhg1 Nxe4 21. Qxe4 Bf6 22. b3 c4 23. Bxh6 cxb3 24. axb3 Rf7 25. Bxg7 Rxg7 26. h6 Rxg1 27. Rxg1+ Kh8 28. Rg6 Qxf2 29. Ka2 Qf1 30. Ka3 a5 31. Ka4 b5+ 0-1

[Event "Toronto Excelsior GM 06"]
[Site "Toronto"]
[Date "2023.06.23"]
[Round "9"]
[White "Jaferian, Koosha"]
[Black "Almeida Quintana, Omar"]
[Result "0-1"]
[WhiteElo "2201"]
[BlackElo "2520"]
[PlyCount "82"]
[EventDate "2023.06.19"]
[EventType "tourn"]
[EventRounds "9"]
[EventCountry "CAN"]
[EventCategory "5"]
[SourceTitle "CBM 215 Extra"]
[Source "ChessBase"]
[SourceDate "2023.09.30"]
[SourceVersion "1"]
[SourceVersionDate "2023.09.30"]
[SourceQuality "1"]

1. e4 d6 2. d4 Nf6 3. Nc3 c6 4. f4 Qa5 5. e5 Ne4 6. Qf3 d5 7. Bd3 Nxc3 8. Bd2 Qb6 9. bxc3 e6 10. Qh3 c5 11. Nf3 c4 12. Be2 Nc6 13. 0-0 Be7 14. g4 Bd7 15. Rfb1 Qc7 16. f5 0-0-0 17. Bg5 f6 18. Bf4 exf5 19. gxf5 g6 20. e6 Qxf4 21. exd7+ Kc7 22. Rb5 g5 23. Rab1 b6 24. Qg3 Qxg3+ 25. hxg3 Rxd7 26. Nd2 Ba3 27. Bf3 Ne7 28. g4 h5 29. Nf1 hxg4 30. Bxg4 Bd6 31. a4 Rh4 32. Bf3 Rh3 33. Kg2 g4 34. Bxg4 Rxc3 35. a5 Rd8 36. axb6+ axb6 37. Bf3 Rxc2+ 38. Kh3 Rh8+ 39. Kg4 Rg8+ 40. Kh3 Rc3 41. Nd2 Rg3+ 0-1

[Event "CAN Transnational op"]
[Site "Montreal"]
[Date "2023.06.09"]
[Round "4"]
[White "Jaferian, Koosha"]
[Black "Vidyarthi, Omya"]
[Result "1-0"]
[WhiteElo "2201"]
[BlackElo "2081"]
[PlyCount "97"]
[EventDate "2023.06.06"]
[EventType "swiss"]
[EventRounds "9"]
[EventCountry "CAN"]
[SourceTitle "CBM 214 Extra"]
[Source "ChessBase"]
[SourceDate "2023.07.31"]
[SourceVersion "1"]
[SourceVersionDate "2023.07.31"]
[SourceQuality "1"]

1. d4 d5 2. c4 c6 3. Nf3 Nf6 4. Nc3 dxc4 5. a4 Bf5 6. Ne5 Nbd7 7. Nxc4 Nb6 8. Ne5 a5 9. h4 Nfd7 10. e4 Nxe5 11. exf5 Ned7 12. h5 e5 13. fxe6 Qe7 14. Rh3 0-0-0 15. Bf4 Qxe6+ 16. Re3 Qf6 17. Qg4 h6 18. d5 Bd6 19. Bxd6 Qxd6 20. dxc6 bxc6 21. Rd1 Qb4 22. Qf3 Kc7 23. Qxf7 Rhf8 24. Qxg7 Rfe8 25. Rxe8 Rxe8+ 26. Be2 Re7 27. Qd4 Kb7 28. Kf1 Qxb2 29. Rb1 Qa3 30. Qd3 Qc5 31. Ne4 Qe5 32. Qa6+ Kc7 33. Bf3 Qd4 34. Qa7+ Kc8 35. Rd1 Qc4+ 36. Be2 Qxe2+ 37. Kxe2 Rxe4+ 38. Kf1 Rxa4 39. Rc1 c5 40. Rxc5+ Nxc5 41. Qxb6 Ra1+ 42. Ke2 Ra2+ 43. Ke3 Ra3+ 44. Kd4 Nd7 45. Qxh6 Ra1 46. Qc6+ Kd8 47. h6 Rh1 48. g3 a4 49. Qxh1 1-0

[Event "CAN Transnational Rapid"]
[Site "Toronto"]
[Date "2023.06.04"]
[Round "7"]
[White "Jaferian, Koosha"]
[Black "Kantans, Toms"]
[Result "0-1"]
[WhiteElo "2201"]
[BlackElo "2486"]
[PlyCount "76"]
[EventDate "2023.06.03"]
[EventType "swiss (rapid)"]
[EventRounds "11"]
[EventCountry "CAN"]
[SourceTitle "CBM 214 Extra"]
[Source "ChessBase"]
[SourceDate "2023.07.31"]
[SourceVersion "1"]
[SourceVersionDate "2023.07.31"]
[SourceQuality "1"]

1. e4 c5 2. Nc3 Nc6 3. Bb5 Qc7 4. Nf3 Nf6 5. 0-0 Nd4 6. Re1 a6 7. Bf1 d6 8. Nxd4 cxd4 9. Ne2 e5 10. d3 Be7 11. c3 dxc3 12. bxc3 0-0 13. h3 b5 14. Be3 d5 15. f3 Rd8 16. Qb3 Be6 17. Qb2 dxe4 18. dxe4 Qa5 19. Nc1 Ba3 20. Qc2 Rac8 21. Bd2 Qb6+ 22. Kh2 b4 23. c4 a5 24. Be3 Qc7 25. Nb3 Bxc4 26. Bxc4 Qxc4 27. Qxc4 Rxc4 28. Nxa5 Rc3 29. Bg5 Ra8 30. Rad1 h6 31. Bxf6 Rxa5 32. Be7 Rc2 33. Rd8+ Kh7 34. Rb8 Bc1 35. Rxb4 Raxa2 36. Kg3 Rxg2+ 37. Kh4 Bg5+ 38. Bxg5 hxg5+ 0-1

[Event "Titled Tuesday intern op 18th Apr Early"]
[Site "Chess.com INT"]
[Date "2023.04.18"]
[Round "3"]
[White "Delorme, Axel"]
[Black "Jaferian, Koosha"]
[Result "1/2-1/2"]
[WhiteElo "2483"]
[BlackElo "2233"]
[PlyCount "40"]
[EventDate "2023.04.18"]
[EventType "swiss (blitz)"]
[EventRounds "11"]
[EventCountry "USA"]
[SourceTitle "EXT 2024"]
[Source "ChessBase"]
[SourceDate "2023.10.10"]
[SourceVersion "1"]
[SourceVersionDate "2023.10.10"]
[SourceQuality "1"]

1. e4 c6 2. d4 d5 3. Nc3 dxe4 4. Nxe4 Bf5 5. Ng3 Bg6 6. h4 h6 7. Nf3 Nd7 8. h5 Bh7 9. Bd3 Bxd3 10. Qxd3 e6 11. Bd2 Ngf6 12. 0-0-0 Be7 13. Ne4 0-0 14. Kb1 c5 15. dxc5 Nxc5 16. Qxd8 Rfxd8 17. Nxf6+ Bxf6 18. Be3 Na4 19. c3 b5 20. Kc2 a5 1/2-1/2

[Event "Titled Tuesday intern op 18th Apr Early"]
[Site "Chess.com INT"]
[Date "2023.04.18"]
[Round "6"]
[White "Lorenzo de la Riva, Lazaro"]
[Black "Jaferian, Koosha"]
[Result "0-1"]
[WhiteElo "2417"]
[BlackElo "2233"]
[PlyCount "116"]
[EventDate "2023.04.18"]
[EventType "swiss (blitz)"]
[EventRounds "11"]
[EventCountry "USA"]
[SourceTitle "EXT 2024"]
[Source "ChessBase"]
[SourceDate "2023.10.10"]
[SourceVersion "1"]
[SourceVersionDate "2023.10.10"]
[SourceQuality "1"]

1. e4 c6 2. Nf3 d5 3. d3 g6 4. e5 Bg7 5. d4 Bf5 6. h3 Nd7 7. Be2 c5 8. c3 Be4 9. 0-0 Bxf3 10. Bxf3 e6 11. Be3 Qc7 12. Nd2 Ne7 13. g4 0-0 14. Be2 b6 15. f4 f6 16. Nf3 fxe5 17. fxe5 Nc6 18. Qd2 Rae8 19. Rf2 Rf7 20. Raf1 Ref8 21. Ng5 Rxf2 22. Bxf2 Nd8 23. Be3 Rxf1+ 24. Bxf1 h6 25. Nf3 Kh7 26. h4 c4 27. Be2 b5 28. Bd1 Nf8 29. Bc2 Qf7 30. Qf2 Kg8 31. Kg2 a5 32. Qd2 h5 33. Ng5 Qe8 34. gxh5 gxh5 35. Qf2 b4 36. Qg3 Nf7 37. Nh3 Kh8 38. Nf4 Nh6 39. Bg6 Nxg6 40. Nxg6+ Kh7 41. Nf4 Nf5 42. Qf2 Bh6 43. Nxd5 Qg6+ 44. Kh2 exd5 45. Bxh6 Kxh6 46. Qf3 Kg7 47. Qxd5 Qg3+ 48. Kh1 Qxh4+ 49. Kg1 Qe1+ 50. Kh2 Qf2+ 51. Qg2+ Qxg2+ 52. Kxg2 bxc3 53. bxc3 Nxd4 54. Kg3 Ne2+ 55. Kh4 Nxc3 56. Kxh5 Ne2 57. Kg4 c3 58. Kf3 c2 0-1

[Event "Titled Tuesday intern op 11th Apr Early"]
[Site "Chess.com INT"]
[Date "2023.04.11"]
[Round "8"]
[White "Jaferian, Koosha"]
[Black "Shuvalov, Evgenij"]
[Result "1/2-1/2"]
[WhiteElo "2233"]
[BlackElo "2118"]
[PlyCount "112"]
[EventDate "2023.04.11"]
[EventType "swiss (blitz)"]
[EventRounds "11"]
[EventCountry "USA"]
[SourceTitle "CBM 213 Extra"]
[Source "ChessBase"]
[SourceDate "2023.05.31"]
[SourceVersion "1"]
[SourceVersionDate "2023.05.31"]
[SourceQuality "1"]

1. e4 e6 2. d4 d5 3. Bd3 c5 4. exd5 exd5 5. Nf3 c4 6. Be2 Nf6 7. 0-0 Be7 8. b3 cxb3 9. axb3 0-0 10. c4 Nc6 11. Ba3 Bxa3 12. Rxa3 Ne4 13. Bd3 Bg4 14. cxd5 Qxd5 15. Bc4 Qh5 16. Be2 Rad8 17. Ra4 Rfe8 18. Re1 h6 19. h3 Bc8 20. Nfd2 Qf5 21. Bf3 Ng5 22. Rxe8+ Rxe8 23. Bg4 Qd3 24. Bxc8 Rxc8 25. Qf1 Qxf1+ 26. Nxf1 Rd8 27. Ne3 Rxd4 28. Rxd4 Nxd4 29. b4 Ne4 30. f3 Nd6 31. Nd5 Kf8 32. Kf2 Ke8 33. Ke3 N4f5+ 34. Kd3 Kd7 35. Nbc3 Nh4 36. Ne3 Ndf5 37. Nxf5 Nxf5 38. Ke4 Nd6+ 39. Kd5 a6 40. Kc5 Nc8 41. Nd5 h5 42. h4 Ke6 43. Nf4+ Kf5 44. Nxh5 g5 45. hxg5 Kxg5 46. Ng3 Kf4 47. Ne4 Ke3 48. Ng5 f5 49. Ne6 b6+ 50. Kc6 a5 51. bxa5 bxa5 52. Kb5 Nd6+ 53. Kxa5 Kf2 54. Ng7 Kxg2 55. Nxf5 Nxf5 56. Kb5 Kxf3 1/2-1/2

[Event "Titled Tuesday intern op 11th Apr Early"]
[Site "Chess.com INT"]
[Date "2023.04.11"]
[Round "7"]
[White "Jeet, Jain"]
[Black "Jaferian, Koosha"]
[Result "0-1"]
[WhiteElo "2246"]
[BlackElo "2233"]
[PlyCount "170"]
[EventDate "2023.04.11"]
[EventType "swiss (blitz)"]
[EventRounds "11"]
[EventCountry "USA"]
[SourceTitle "CBM 213 Extra"]
[Source "ChessBase"]
[SourceDate "2023.05.31"]
[SourceVersion "1"]
[SourceVersionDate "2023.05.31"]
[SourceQuality "1"]

1. Nf3 d5 2. b3 Nf6 3. Bb2 Bf5 4. e3 e6 5. c4 c6 6. d4 Nbd7 7. Nbd2 a5 8. a3 Bd6 9. h3 h6 10. Be2 0-0 11. 0-0 Qe7 12. Ne5 Ne4 13. Nxd7 Qxd7 14. Nxe4 Bxe4 15. f3 Bg6 16. Bd3 Bxd3 17. Qxd3 Bc7 18. e4 Qd6 19. e5 Qd7 20. c5 Bd8 21. f4 f5 22. b4 b5 23. a4 bxa4 24. Rxa4 Bc7 25. Rfa1 Rfb8 26. Bc3 Rb5 27. bxa5 Ra6 28. Rb1 Rxb1+ 29. Qxb1 Qc8 30. Kh2 Ra8 31. g4 fxg4 32. hxg4 Qa6 33. Qc2 Rf8 34. Qf2 Qd3 35. Bd2 Qb3 36. Rb4 Qa2 37. Rb6 Kh7 38. Kg2 Bxb6 39. cxb6 Qc4 40. f5 exf5 41. gxf5 c5 42. f6 gxf6 43. Qf5+ Kg7 44. Bf4 Qe2+ 45. Kh3 Qf1+ 46. Kg3 Qg1+ 47. Kh4 Qh1+ 48. Qh3 Qe4 49. Qg4+ Kh8 50. b7 f5 51. Qg3 Qh1+ 52. Qh2 Qe1+ 53. Kh3 Qf1+ 54. Kh4 Qe1+ 55. Kh3 Qf1+ 56. Qg2 Qxf4 57. Qg6 Qf3+ 58. Kh2 Qf2+ 59. Kh3 Qf3+ 60. Kh2 Qe2+ 61. Kh3 Qd3+ 62. Kh4 Qxd4+ 63. Kh5 Qd1+ 64. Kxh6 Qh1+ 65. Kg5 Qg1+ 66. Kh6 Qh2+ 67. Qh5 Qd2+ 68. Qg5 Qh2+ 69. Qh5 Qf4+ 70. Qg5 Qxe5 71. a6 Rf6+ 72. Kh5 Qh2+ 73. Qh4 Rh6+ 74. Kxh6 Qxh4+ 75. Kg6 Qg4+ 76. Kf6 Qh4+ 77. Kg6 Qg3+ 78. Kf6 Qb8 79. Kxf5 c4 80. Ke6 c3 81. a7 Qxa7 82. Kxd5 Qxb7+ 83. Kc4 c2 84. Kd3 c1N+ 85. Kd2 Nb3+ 0-1